000 00276nam a22001217a 4500
008 170828b xxu||||| |||| 00| 0 eng d
041 _aeng
080 _a070
100 _a39
101 _aMED
245 _aHUMAN COMMUNICATION IN SOCIETY
_cALBERTS.J.K
942 _2udc
_cBK
999 _c25135
_d25135